000 01045nam a2200313 i 4500
003 EG-GICUC
005 20260425212215.0
008 260425s1963 sp ||||fr|||| 00| 0 spa d
040 _aEG-GiCUC
_beng
_cEG-GiCUC
_dEG-GiCUC
_eRda
041 _aspa
082 0 4 _221
_a343.23087
_bME . C
092 0 4 _221
099 _aLaw1 10 343.23087 ME . C 1963
100 1 _aMendoza,Jose Rafael T.
_eAuthor.
245 1 0 _aCurso De Derecho Penal Venezolano.
_nTomo III:
_pDe La Parte Especial: De Los Delitos Contra Las Personas/
_cJose Rafael Mendoza T.
250 _a1a. Edición
264 1 _aCaracas :
_bEmpresa El Cojo S.A,
_c1963.
300 _a320 page ;
_c 24 cm.
336 _2rda contenu
_a texte
337 _2rda medias
_aOrdinateur
338 _2 transporteur rda
_a Ressource en ligne
546 _aText in Spanish
650 1 _aDerecho Penal
650 1 _aDerecho Penal Especial
650 1 _aDelitos Contra Las Personas
856 4 0 _uhttps://fll.law.cu.edu.eg/fulltext/bks/B10-11212.pdf
905 _a59
942 _2ddc
_n0
_cBK
_e21
999 _c73364
_d73364